000 00955nam a22003137a 4500
003 CHAP
005 20220329135455.0
008 971013s1975 r 00010 d
010 _a37133
011 _a38105
035 _a42225
040 _cCHAP
082 _a633.2
_bO7
100 0 0 _aOrwin, Joanna.
_984154
245 _aRevegetation in the rehabilitation of mountain lands
260 _a(s.l.) :
_bForest Research Institute,
_c1975
300 _a244 p.
490 _aSymposium
_v; 16
590 _aBATCH-UPD
_b10
_c20130110
_lUCH01
_h1617
590 _aBATCH-UPD
_b10
_c20130410
_lUCH01
_h1011
590 _aBATCH-UPD
_b10
_c20130914
_lUCH01
_h0712
590 _aCONVERSION
_b10
_c20130109
_lUCH01
_h1321
650 1 4 _aBosques
_xRegeneración.
_914377
650 1 4 _aPastizales
_xRegeneración.
_985957
830 0 _aSymposium
_v; 16
_9110933
901 _aBK
942 _cLIBRO
949 _a633.2 O7
_bBC
_cLIBRO
_d33724000213872
_eLIBRO
_h32101
_i42225
_si
999 _c37133
_d37133